| 000 | 00375nam a22001097a 4500 | ||
|---|---|---|---|
| 082 | _a200 THE | ||
| 100 |
_aUSMAN ALI _947627 |
||
| 245 | _aTH-SOF-1154-Automatic Cancerous Tissue Classification using Discrete Wavelet Transformation and Support Vector Machine | ||
| 260 |
_aIslamabad _bNUST College of EME _c2015 |
||
| 650 | _aMS-COMPUTER ENGINEERING-73 MSTHESIS | ||
| 942 | _cCF | ||
| 999 |
_c577338 _d577338 |
||